LEADER 05548nam 2201021Ia 450 001 9910786712503321 005 20211028020144.0 010 $a9786613520272 010 $a1-280-08576-2 010 $a0-520-92053-8 024 7 $a10.1525/9780520920538 035 $a(CKB)2670000000355468 035 $a(EBL)871346 035 $a(OCoLC)780537781 035 $a(SSID)ssj0000621763 035 $a(PQKBManifestationID)11388561 035 $a(PQKBTitleCode)TC0000621763 035 $a(PQKBWorkID)10637055 035 $a(PQKB)10169490 035 $a(OCoLC)868030559 035 $a(MdBmJHUP)muse31046 035 $a(DE-B1597)520495 035 $a(OCoLC)785731656 035 $a(DE-B1597)9780520920538 035 $a(Au-PeEL)EBL871346 035 $a(CaPaEBR)ebr10540420 035 $a(CaONFJC)MIL352027 035 $a(MiAaPQ)EBC871346 035 $a(EXLCZ)992670000000355468 100 $a19980619d1998 ub 0 101 0 $aeng 135 $aurnn#---|u||u 181 $ctxt 182 $cc 183 $acr 200 00$aLectura Dantis$b[electronic resource] $eInferno /$fedited by Allen Mandelbaum, Anthony Oldcorn, Charles Ross 210 $aBerkeley $cUniversity of California Press$dc1998 215 $a1 online resource (477 p.) 225 1 $aCalifornia lectura Dantis ;$v1 300 $aDescription based upon print version of record. 311 0 $a0-520-21249-5 311 0 $a0-520-21270-3 320 $aIncludes bibliographical references and index. 327 $tFront matter --$tCONTENTS --$tIntroduction. Dante in His Age --$tCanto I. The Hard Begin --$tCanto II. Dante's Authority --$tCANTO III. The Gate of Hell --$tCANTO IV. A Melancholy Elysium --$tCANTO V. The Fierce Dove --$tCANTO VI. Florence, Ciacco, and the Gluttons --$tCANTO VII. The Weal of Fortune --$tCANTO VIII. Fifth Circle: Wrathful and Sullen --$tCANTO IX. The Harrowing of Dante from Upper Hell --$tCANTO X. Farinata and Cavalcante --$tCANTO XI. Malice and Mad Bestiality --$tCANTO XII. The Violent against Their Neighbors --$tCANTO XIII. The Violent against Themselves --$tCANTO XIV. Capaneus and the Old Man of Crete --$tCANTO XV. The Canto of Brunetto Latini --$tCANTO XVI. From Other Sodomites to Fraud --$tCANTO XVII. Geryon's Downward Flight; the Usurers --$tCANTO XVIII. Introduction to Malebolge --$tCANTO XIX. Simoniacs --$tCANTO XX. True and False See-ers --$tCANTO XXI. Controversial Comedy --$tCANTO XXII. Poets as Scoundrels --$tCANTO XXIII. The Painted People --$tCANTO XXIV. Thieves and Metamorphoses --$tCANTO XXV. The Perverse Image --$tCANTO XXVI. Ulysses: Persuasion versus Prophecy --$tCANTO XXVII. False Counselors: Guido da Montefeltro --$tCANTO XXVIII. Scandal and Schism --$tCANTO XXIX. Such Outlandish Wounds --$tCANTO XXX. Dante among the Falsifiers --$tCANTO XXXI. The Giants: Majesty and Terror --$tCANTO XXXII. Amphion and the Poetics of Retaliation --$tCANTO XXXIII. Count Ugolini and Others --$tCANTO XXXIV. Lucifer --$tBibliographical Note and Suggestions for Further Reading --$tContributors --$tIndex 330 $aThe California Lectura Dantis is the long-awaited companion to the three-volume verse translation by Allen Mandelbaum of Dante's Divine Comedy. Mandelbaum's translation, with facing original text and with illustrations by Barry Moser, has been praised by Robert Fagles as "exactly what we have waited for these years, a Dante with clarity, eloquence, terror, and profoundly moving depths," and by the late James Merrill as "lucid and strong . . . with rich orchestration . . . overall sweep and felicity . . . and countless free, brilliant, utterly Dantesque strokes." Charles Simic called the work "a miracle. A lesson in the art of translation and a model (an encyclopedia) for poets. The full range and richness of American English is displayed as perhaps never before. "This collection of commentaries on the first part of the Comedy consists of commissioned essays, one for each canto, by a distinguished group of international scholar-critics. Readers of Dante will find this Inferno volume an enlightening and indispensable guide, the kind of lucid commentary that is truly adapted to the general reader as well as the student and scholar. 410 0$aCalifornia lectura Dantis ;$v1. 606 $aAuthors, Italian$yTo 1500 610 $aacademic. 610 $acantos. 610 $acircles of hell. 610 $aclassic literature. 610 $acultural context. 610 $adivine comedy. 610 $aessay collection. 610 $afamous author. 610 $afamous plays. 610 $afamous story. 610 $afamous theatre. 610 $aheaven and hell. 610 $ainferno. 610 $alimbo. 610 $aliterary analysis. 610 $aliterary criticism. 610 $apoetics. 610 $apoetry. 610 $apoets. 610 $areligion. 610 $ascholarly. 610 $aseven deadly sins. 610 $asinner. 610 $asins. 610 $asocial commentary. 610 $atranslation. 610 $aunderworld. 610 $averse. 615 0$aAuthors, Italian 676 $a851/.1 701 $aLebowitz$b Brian E$01501470 701 $aMandelbaum$b Allen$f1926-2011.$01501471 701 $aOldcorn$b Anthony$0322649 701 $aRoss$b Charles Stanley$0883610 801 0$bMiAaPQ 801 1$bMiAaPQ 801 2$bMiAaPQ 906 $aBOOK 912 $a9910786712503321 996 $aLectura Dantis$93728599 997 $aUNINA LEADER 05798nam 2200625Ia 450 001 9910739484503321 005 20200520144314.0 010 $a1-4614-7342-X 024 7 $a10.1007/978-1-4614-7342-8 035 $a(CKB)2670000000370983 035 $a(EBL)1317296 035 $a(SSID)ssj0000935490 035 $a(PQKBManifestationID)11522704 035 $a(PQKBTitleCode)TC0000935490 035 $a(PQKBWorkID)10955627 035 $a(PQKB)10257197 035 $a(DE-He213)978-1-4614-7342-8 035 $a(MiAaPQ)EBC1317296 035 $a(PPN)170488748 035 $a(EXLCZ)992670000000370983 100 $a20130531d2013 uy 0 101 0 $aeng 135 $aur|n|---||||| 181 $ctxt 182 $cc 183 $acr 200 04$aThe archaeology of watercraft abandonment /$fNathan Richards, Sami Kay Seeb, editors 205 $a1st ed. 2013. 210 $aNew York $cSpringer$d2013 215 $a1 online resource (379 p.) 300 $aDescription based upon print version of record. 311 $a1-4899-9179-4 311 $a1-4614-7341-1 320 $aIncludes bibliographical references and index. 327 $aAcknowledgments; Contents; Contributors; Chapter 1 Abandoned Ships and Ship Graveyards: Exploring Site Significance and Research Potential; Introduction; Abandonment and Significance; Maritime Archaeology and the Proven Potential of Abandoned Watercraft; Assessing Significance; New Significance for Old Ships; References; Chapter 2 Scuttled, But Not Yet Abandoned: The Genesis and Evolution of Antipodean Studies on the Australian West Coast; Introduction; Jervoise Bay and the First Graveyard Studies; Ongoing Studies at the Deepwater Graveyard; Is the Study of the Hulk Archaeology? 327 $aThe Hulk Omeo, Western Australia's Family WreckModern Scuttlings; Day Dawn and the Jervoise Bay Hulks Revisited; Conclusion; References; Chapter 3 The Thunder Bay Ship Graveyard, Lake Superior: From Abandonment to Deliberate Discard in a Deep Resting Place; Introduction; Historical Context around the Creation of the ``Dumping Grounds''; The Survey; The Evaluation of Significance at Parks Canada; CRM Level 1 Resources Representing National Historic Significance; CRM Level 2 Resources; Factors Influencing the Levels of Significance of a Shipwreck Graveyard 327 $aThe Concept of Significance in Ontario and in a Larger Canadian ContextOntario's Marine Archaeology Sites Significance; The Canadian Register of Historic Places; The Difference between Dumping Grounds and Ship Graveyards; Conclusion; References; Chapter 4 Resting Places of the Pioneer Craft: Ship Abandonment at Kingston, Canada; Introduction; Kingston's Abandoned Warships; Garden Island Ship Graveyard; Kingston Inner Harbor Ship Graveyard; Amherst Island Ship Graveyard; Nine Mile Point Ship Graveyard; Other Burying Grounds and Individual Graves 327 $aDiscussion: Kingston's Abandoned Ship AssemblageReferences; Chapter 5 A Ship Graveyard at City Point, Virginia; Introduction; Historical Background; The Eighteenth Century; The Nineteenth Century; Civil War; Reconstruction; The Twentieth Century; Post-First World War; Survey and Analysis; Combination Barges; Ocean-Going Vessels; Conclusion; References; Chapter 6 The United States Shipping Board Fleet at Mallows Bay, Maryland: Inventory and Assessment; Introduction; Archaeological Inventory and Assessment; References 327 $aChapter 7 Pacific Graveyard: Adaptive Reuse, Recycling, and Abandonment in San Francisco's Maritime Graveyards, 1849--1959Introduction; The First Ship Graveyard: The Gold Rush Storeships; Charles Hare, the Chinese, and Other Early Ship-breakers; Other ``Rotten Rows:'' Oakland Estuary, Belvedere Cove, and the South Shore from Hunter's Point to Candlestick Cove; The Archaeology of Ship Abandonment and Scrapping on San Francisco Bay; Conclusions; References; Chapter 8 The Ship Graveyards of New York Harbor: Damaging Drift or Vanishing Resource?; Introduction; Vessel Types; Shooters Island 327 $aKill van Kull Cluster 4 330 $aThe historical importance and archaeological potential of deliberately discarded watercraft has not been a major feature of maritime archaeological enquiry. While research on the topic has appeared since the 1970s as books, chapters, and articles of limited focus and distribution, most examples take the form of unpublished archaeological reports and graduate theses.  Additionally, there is no existing single source that represents the great diversity of geographical, historic, thematic, and theoretical contexts of ship graveyard sites and deliberately abandoned vessels. In contrast with much of the theoretical or case-specific literature on the theme of watercraft discard, this volume communicates to the reader the common heritage and global themes that ship graveyard sites represent. It serves as an illustration of how the remains of abandoned vessels in ship graveyards are sites of considerable research value. Moreover, the case studies in this volume assist researchers in understanding the evolution of maritime technologies, economies, and societies. The Archaeology of Watercraft Abandonment is intended to expose research potential, create discussion, and reinforce the significance of a prevalent cultural resource that is often overlooked. 606 $aShipwrecks 606 $aUnderwater archaeology 615 0$aShipwrecks. 615 0$aUnderwater archaeology. 676 $a623.82009 701 $aRichards$b Nathan$01751885 701 $aSeeb$b Sami Kay$01751886 801 0$bMiAaPQ 801 1$bMiAaPQ 801 2$bMiAaPQ 906 $aBOOK 912 $a9910739484503321 996 $aThe archaeology of watercraft abandonment$94187030 997 $aUNINA